Analýza finančnej situácie vybraného podniku s ohľadom na produktivitu práce diplomová práca

Uložené v:
Podrobná bibliografia
Hlavný autor: Hiklová, Martina
Korporativný autor: Fakulta hospodárskej informatiky EU. Katedra štatistiky
Ďalší autori: Lubyová, Martina
Médium: Kniha
Jazyk:Slovak
Vydavateľské údaje: Bratislava 2012
Tagy: Pridať tag
Žiadne tagy, Buďte prvý, kto otaguje tento záznam!

MARC

LEADER 00000nbm a2200000 4500
001 0154681
005 20161109102137.1
041 0 |a slo 
044 |a SK 
245 1 0 |a Analýza finančnej situácie vybraného podniku s ohľadom na produktivitu práce  |b diplomová práca  |c Martina Hiklová ; školiteľ: Martina Lubyová 
264 1 |a Bratislava  |c 2012 
300 |a 72 s. 
100 1 |a Hiklová, Martina 
700 1 |a Lubyová, Martina 
710 2 |a Fakulta hospodárskej informatiky EU. Katedra štatistiky